000 00510nam a2200217Ia 4500
003 0100
008 130303s9999 xx 000 0 und d
040 _cARRUPELIB
050 _aBF181.W6 1965
100 _aWoodworth, Robert S
245 _aExperimental Psychology
250 _aRevised ed.
260 _aNew York
260 _bHolt, Rinehart, Winston Inc
260 _C1965
300 _axi
300 _b 948p. 24 cm.
650 _aPSYCHOLOGY
700 _aSchlosberg, Harold
942 0 0 _01
999 _c39547
_d39547